Suomalaisia artisteja - Statistics

Yleistilastot
  • Tätä visaa on pelattu 269 kertaa
  • Keskiarvotulos 9 / 15
Vastaustilastot
Hint Vastaus % Oikein
Popkorni Jvg
89%
Korkkarit kattoon Kaija koo
89%
Kahvimaitoa Arttu wiskari
83%
Beibi Haloo helsinki!
79%
Läikkyy Arttu lindeman
78%
Prinsessoja ja astronautteja Sanni
77%
Tykkään susta niin että halkeen Juha tapio
76%
Siideripissis Jukka poika
69%
Honey Evelina
66%
Tytöt ei soita kitaraa Vesala
63%
Lössi Getto masa
54%
Karma Alma
39%
Vedän sut henkeen Antti tuisku
22%
Mies syö lapsen vanukkaat Kalevauva.fi
17%
Rampa rumba Salsamania
4%
Ehtoja vastaavia visoja ei löytynyt
Tulosjakauma
Jokaisen tuloksen saaneiden osuus
Persentiili vastausten määrän mukaan
Tuloshistoriasi
Et ole pelannut tätä visaa